| 000 | 00576nam a2200181Ia 4500 | ||
|---|---|---|---|
| 999 |
_c53366 _d53366 |
||
| 005 | 20200928195144.0 | ||
| 008 | 181216s2017||||ge |||||||||||||| ||eng|| | ||
| 020 | _a9789941462412 | ||
| 041 |
_aeng _heng |
||
| 080 | _a811.111'373 G-66 | ||
| 100 |
_aGoshkheteliani, Irine _99571 |
||
| 245 |
_aBook of english lexicology / _cIrine Goshkheteliani ; Editor Madona Megrelishvili |
||
| 264 |
_aBatumi : _bBatumi Shota Rustaveli State University, _c2017. |
||
| 300 |
_a280 p. ; _c21cm. |
||
| 500 | _aBibl. p. : 278-279 | ||
| 760 | _bEditor Madona Megrelishvili | ||
| 942 |
_cBK _2udc |
||